000 00690nam a2200229Ia 4500
003 OSt
005 20220925235540.0
006 a|||||r|||| 00| 0
007 ta
008 220923b |||||||| |||| 00| 0 eng d
037 _cGeneral Book
040 _aRTL
_cRTL
_beng
041 _2eng
_aeng
082 _aX93:9.2.N8, M2
100 _aArya P. P.
_9127033
245 0 _aLabour management relations in public sector under
260 _a New Delhi
_bDeep and Deep India
_c1982
300 _a312p. Bibliography p.298-309; Appendix p.214-97
_ccm.
650 _aPublic Sector Economics
942 _hX93:9.2.N8, M2
_cGB
_2CC
999 _c597505
_d597505